LEADER 01984nam0 22003613i 450 001 SBL0062519 005 20251003044348.0 100 $a20130827d1846 ||||0itac50 ba 101 | $aita 102 $ait 181 1$6z01$ai $bxxxe 182 1$6z01$an 183 1$6z01$anc$2RDAcarrier 200 1 $aApplicazione delle teorie economiche alla stima de' fondi ossia somma totale delle idee teoriche e pratiche relative al valore dei beni terrieri$fopera di Melchiorre Gioia$gmodernamente corredata da numerose aggiunte economiche-agrarie per cura dell'ingegnere Orlando Orlandini 210 $aFirenze$ctip. Vulcano$d1846 215 $a632 p.$d23 cm. 225 | $aBiblioteca dell'ingegnere-stimatore$v1 410 0$1001SBL0062518$12001 $aBiblioteca dell'ingegnere-stimatore$v1$1702 1$aOrlandini$b, Orlando$c $3SBLV043174 676 $a333$9Economia della terra (Economia fondiaria) e dell'energia$v14 676 $a333.332$9TRASFERIMENTO DEL POSSESSO E DEL DIRITTO ALL'USO. VALORE E PREZZO DELLA TERRA$v23 700 1$aGioia$b, Melchiorre$3CFIV028579$4070$0145170 702 1$aOrlandini$b, Orlando$c $3SBLV043174$4070 790 1$aGioja$b, Melchiorre$3LO1V133351$zGioia, Melchiorre 801 3$aIT$bIT-000000$c20130827 850 $aIT-BN0095 $aIT-AV0007 $aIT-NA0079 901 $bNAP BN$cL.CORRERA $nLibreria Correra 901 $bNAP 01$cSTORICA $nComprende libri acquistati presso la Libreria antiquaria del Castello di Solopaca 901 $bNAP AV$cS.G.CAPONE$nDonazione Scipione e Giulio Capone 912 $aSBL0062519 950 0$aBiblioteca Centralizzata di Ateneo$c1 v.$d 01STORICA B 0001$e 0101 0000158245 VMA 1 v.$fB $h20091222$i20091222 977 $a 01$a AV$a BN 996 $aApplicazione delle teorie economiche alla stima de' fondi ossia somma totale delle idee teoriche e pratiche relative al valore dei beni terrieri$967024 997 $aUNISANNIO